| 000 | 00741nam a2200217 4500 | ||
|---|---|---|---|
| 001 | 108911 | ||
| 003 | ES-MaACL | ||
| 005 | 20250816062536.0 | ||
| 007 | t| | ||
| 008 | 061121s1973 sp r ||||1| spa d | ||
| 100 | 1 |
_aMouzelis, Nicos P. _983934 |
|
| 245 | 1 | 0 |
_aOrganización y burocracia _b: un análisis de las teorías modernas sobre organizaciones sociales / _cNicos P. Mouzelis; traducción de Joan Prats. |
| 250 | _a1ª. ed. | ||
| 260 |
_aBarcelona : _bPenínsula, _c1973. |
||
| 300 |
_a233 p. ; _c20 cm. |
||
| 490 | 1 |
_aHistoria, ciencia, sociedad ; _v98 |
|
| 700 | 1 |
_aPrats, Joan. _993692 |
|
| 830 | 0 | 0 |
_aHistoria, ciencia, sociedad (Península) _v98 _9177444 |
| 852 |
_aES-MaACL _jC-54064 _bR.86722 |
||
| 999 |
_c108911 _d108911 |
||